LIBRARY & INFORMATION CENTRE, KCAET, TAVANUR

ONLINE PUBLIC ACCESS CATALOGUE (OPAC)

Lokdev Nehru / (Record no. 3039)

MARC details
000 -LEADER
fixed length control field 00420cam a2200181ua 4500
041 ## - LANGUAGE CODE
Language code of text/sound track or separate title hin
082 ## - DEWEY DECIMAL CLASSIFICATION NUMBER
Classification number 891.43
Item number RAM/LO
100 ## - MAIN ENTRY--AUTHOR NAME
Personal name Ramdharisingh dinakar, .
245 ## - TITLE STATEMENT
Title Lokdev Nehru /
250 ## - EDITION STATEMENT
Edition statement 1 /
260 ## - PUBLICATION, DISTRIBUTION, ETC. (IMPRINT)
Place of publication Patna :
Name of publisher Udayachal ,
Year of publication 1965.
300 ## - PHYSICAL DESCRIPTION
Number of Pages 133 ; .
942 ## - ADDED ENTRY ELEMENTS (KOHA)
Koha item type Books
Holdings
Withdrawn status Lost status Damaged status Home library Current library Date acquired Full call number Accession Number Koha item type Public note
Withdrawn     KAUAET Sanskrit University 07/04/2012 891.43 8098 Books Transferred to Sanskrit University
free website counter